000 00359pab a2200145 454500
008 180718b1990 xxu||||| |||| 00| 0 eng d
100 _aGhoshal, M.K.
245 _aForeign investment in India
_bPolicy lessons & prospects
260 _c1990
300 _a17-20
362 _a1 May
650 _aForeign Investment - India
773 _aYojana
909 _a9012
999 _c9012
_d9012